000 00799nam a2200277 4500
003 OSt
005 20260601193839.0
008 260506b1972 nyua|||| |||| 00| 0 eng d
040 _aICI
_bspa
_cICI
041 _aeng
050 _aNC998
_bG73 1972
110 _aGraphis Press
245 1 _aGraphis annual 72/73
264 _aZurich :
_bGraphis Press,
_c1973
300 _a231 páginas :
_bilustraciones
336 _atexto
_2rdacontent
337 _asin medio
_2rdamedia
338 _avolumen
_2rdacarrier
500 _aAnuario internacional de diseño gráfico y comunicación visual
650 _aDiseño gráfico
_vAnuarios
650 _aDiseño gráfico
_ySiglo XX
650 _aPublicidad
_xDiseño
650 _aArtes gráficas
650 _aComunicación visual
942 _2lcc
_cB
_n1
999 _c21343
_d21343